Obras escogidas

Na minha lista:
Detalhes bibliográficos
Autor principal: Gallardo, José Carlos
Formato: Livro
Idioma:Undetermined
Publicado em: Madrid, España D.E.F. de Angulo 1928
Assuntos:
Tags: Adicionar Tag
Sem tags, seja o primeiro a adicionar uma tag!

MARC

LEADER 00000nam a2200000Ia 4500
008 170316s9999 xx 000 0 und d
040 |a cru BVZT 
090 |a 862 G-3o 
100 |a Gallardo, José Carlos 
245 |a Obras escogidas 
260 |a Madrid, España  |b D.E.F. de Angulo  |c 1928 
300 |a 322 páginas Tomo 2. 
650 |a LITERATURA ESPAÑOLA 
999 |c 9932  |d 9932 
942 |c 15 D  |h 862 G-3o  |2 z